| 000 | 01886nam a2200421 i 4500 | ||
|---|---|---|---|
| 001 | 197676 | ||
| 003 | ES-MaACL | ||
| 005 | 20250708165637.0 | ||
| 007 | ta | ||
| 008 | 171213s2016 sp a o001 0 spa | ||
| 015 | _aMON16 | ||
| 017 |
_aMU 1264-2016 _bOficina Depósito Legal Murcia |
||
| 020 |
_a9788416325252 _z978-84-1635-25-2 |
||
| 035 | _a(OCoLC)1030683401 | ||
| 035 | _a(SpMaBN)a6077616 | ||
| 035 | _a991006943309708606 | ||
| 040 |
_aSpMaBN _bspa _cSpMaBN _erdc |
||
| 080 | _a72(460.33 Cartagena)(091) | ||
| 080 | _a711.4(460.33 Cartagena)(091) | ||
| 245 | 0 | 0 |
_aGuía del patrimonio arquitectónico de Cartagena / _cMartín Pérez Yelo, José-Antonio Rodríguez Martín, colaboran, Macarena Bernal Prades, Gloria Soler Tortosa ; edición y revisión, José Laborda Yheva |
| 260 |
_aCartagena : _bUniversidad Politécnica de Cartagena ; _aMurcia, _bFundación Cajamurcia, _c2016 |
||
| 300 |
_a414 páginas : _bilustrado a color ; _c22 cm |
||
| 336 |
_aTexto (visual) _2isbdcontent |
||
| 337 |
_asin mediación _2isbdmedia |
||
| 338 |
_2rdacarrier _avolumen |
||
| 504 | _aBibliografía: p. 395-399. Índice | ||
| 650 | 7 |
_aArquitectura- _zCartagena- _vHistoria _2embne _9241083 |
|
| 650 | 7 |
_aEdificios históricos- _zCartagena _2embne _9241084 |
|
| 650 | 7 |
_aUrbanismo- _zCartagena- _vHistoria _2embne _9241085 |
|
| 700 | 1 |
_aPérez Yelo, Martín _eaut _9241086 |
|
| 700 | 1 |
_aLaborda Yneva, José, _d1949- _9143355 _eaut |
|
| 852 |
_aES-MaACL _cDEPO1 _jA-15747 _hDonación: Centro de Información Documental de Archivos _xEncuadernación rústica _9206105 |
||
| 914 |
_aCentro de Información Documental de Archivos _ednr |
||
| 942 |
_n0 _cMONOGRAFIA |
||
| 999 |
_c197676 _d197676 |
||